Adventure Time Characters Quiz Stats

Quiz not verified by Sporcle

Also try: TV Series by Wives
Challenge
Share
Tweet
Embed
Score 0/10 Timer 10:00
0 Plays Today
% Correct
Finn
100%
Jake
100%
Princess Bubblegum
96.2%
Ice King
92.5%
Marceline
84.9%
Lady Rainicorn
73.6%
Lumpy Space Princess
73.6%
BMO
68.9%
Tree Trunks
54.7%
Cinnamon Bun
32.1%

You're not logged in!

Compare scores with friends on all Sporcle quizzes.
Join for Free
OR
Log In

You Might Also Like...

Show Comments

Extras

Top Quizzes Today


Score Distribution

Your Account Isn't Verified!

In order to create a playlist on Sporcle, you need to verify the email address you used during registration. Go to your Sporcle Settings to finish the process.

Report this User

Report this user for behavior that violates our Community Guidelines.

Details: